Formulation and evaluation of floating tablets of niacin for sustained release Haripriya Puthoori, TEGK Murthy, Atul Kaushik, Murthy K2 (Record no. 331380)
[ view plain ]
| 000 -LEADER | |
|---|---|
| fixed length control field | 00483nam a2200133Ia 4500 |
| 008 - FIXED-LENGTH DATA ELEMENTS--GENERAL INFORMATION | |
| fixed length control field | 170516s9999 xx 000 0 und d |
| 245 ## - TITLE STATEMENT | |
| Title | Formulation and evaluation of floating tablets of niacin for sustained release Haripriya Puthoori, TEGK Murthy, Atul Kaushik, Murthy K2 |
| 260 ## - PUBLICATION, DISTRIBUTION, ETC. (IMPRINT) | |
| Name of publisher, distributor, etc | Asian Journal of Pharmaceutics |
| 260 ## - PUBLICATION, DISTRIBUTION, ETC. (IMPRINT) | |
| Date of publication, distribution, etc | 2012 |
| 300 ## - PHYSICAL DESCRIPTION | |
| Extent | 6:1 |
| 500 ## - GENERAL NOTE | |
| General note | January-March |
| 650 ## - SUBJECT ADDED ENTRY--TOPICAL TERM | |
| General subdivision | Pharmacy |
| 856 ## - ELECTRONIC LOCATION AND ACCESS | |
| Uniform Resource Identifier | <a href="http://www.asiapharmaceutics.info/index.php/ajp/issue/view/27">http://www.asiapharmaceutics.info/index.php/ajp/issue/view/27</a> |
| Withdrawn status | Lost status | Damaged status | Home library | Current library | Date acquired | Total Checkouts | Date last seen | Price effective from | Koha item type |
|---|---|---|---|---|---|---|---|---|---|
| College Library | College Library | 05/16/2017 | 05/16/2017 | 05/16/2017 | Foreign e-journal articles |